| 000 | 02788cam a22003614a 4500 | ||
|---|---|---|---|
| 999 |
_c129122 _d129122 |
||
| 001 | 17038577 | ||
| 003 | ARRUPE | ||
| 005 | 20190305111240.0 | ||
| 008 | 111108s2012 mnua b 001 0 eng | ||
| 010 | _a 2011045872 | ||
| 020 | _a9780814633687 | ||
| 020 | _a0814633684 | ||
| 020 | _a9780814634240 (ebook) | ||
| 020 | _a0814634249 (ebook) | ||
| 035 | _a(OCoLC)ocn759177174 | ||
| 040 |
_aDLC _beng _cDLC _dYDX _dBTCTA _dYDXCP _dBWX _dMNJ _dCDX _dDLC |
||
| 042 | _apcc | ||
| 050 | 0 | 0 |
_aBX830 1962 A8 _b.G28 2012 |
| 082 | 0 | 0 |
_a262/.52 _223 |
| 100 | 1 |
_aGaillardetz, Richard R., _d1958- _93099 |
|
| 245 | 1 | 0 |
_aKeys to the Council : _bunlocking the teaching of Vatican II / _cRichard R. Gaillardetz, Catherine E. Clifford. |
| 260 |
_aCollegeville, Minn. : _bLiturgical Press, _cc2012. |
||
| 300 |
_axix, 198 p. : _bill. ; _c23 cm. |
||
| 504 | _aIncludes bibliographical references (p. 194-195) and index. | ||
| 505 | 0 | _aThrough baptism we are implanted in the Paschal mystery (Sacrosanctum concilium 6) -- Christ is always present in His church (Sacrosanctum concilium 7) -- Full, conscious, active participation in the liturgy (Sacrosanctum concilium 14) -- A theology of divine revelation (Dei verbum 2) -- A theology of tradition (Dei verbum 8) -- The church is like a sacrament (Lumen gentium 1) -- The Holy Spirit in the church (Lumen gentium 4) -- Eucharistic ecclesiology (Lumen gentium 7) -- The baptismal and ministerial priesthood (Lumen gentium 10) -- The church's mission in the world (Gaudium et spes 40) -- The role of the laity in the world (Gaudium et spes 43) -- Christian marriage and family (Gaudium et spes 48) -- The ministry of the bishop (Christus dominus 11) -- Episcopal collegiality (Lumen gentium 23) -- The global catholicity of the church (Lumen gentium 13) -- The right to religious freedom (Dignitatis humanae 2) -- Communion in faith with other Christians (Unitatis redintegratio 3) -- Reform of the church (Unitatis redintegratio 6) -- Hierarchy of truths (Unitatis redintegratio 11) -- The church and world religions (Nostra aetate 2). | |
| 610 | 2 | 0 |
_aCatholic Church _xDoctrines. _944970 |
| 611 | 2 | 0 |
_aVatican Council _n(2nd : _d1962-1965 : _cBasilica di San Pietro in Vaticano) _944971 |
| 700 | 1 |
_aClifford, Catherine E., _d1958- _944972 |
|
| 856 | 4 | 2 |
_3Contributor biographical information _uhttp://www.loc.gov/catdir/enhancements/fy1402/2011045872-b.html |
| 856 | 4 | 2 |
_3Publisher description _uhttp://www.loc.gov/catdir/enhancements/fy1402/2011045872-d.html |
| 906 |
_a7 _bcbc _corignew _d1 _eecip _f20 _gy-gencatlg |
||
| 942 |
_2lcc _cMONOGRAPH |
||